000 00458nam a2200181Ia 4500
005 20240521101622.0
008 131103s9999 xx 000 0 und d
040 _aLoreto College
041 _aEnglish
082 _a510
_bSEA
100 _aSealey, L. G.W.
245 _aMathematics around us
_b book ' u I '
_cL. G. W. Sealey
260 _aOxford
_bBasil Blackwell
_c[19?]
300 _a28p.
650 _aMathematics
850 _aLCBED
942 _cBK
999 _c28227
_d78706